[Event "South Wales Summer op"]
[Site "Penarth"]
[Date "2017.09.03"]
[Round "5"]
[White "Ralphs, Nigel"]
[Black "Ehsandar, Peter"]
[Result "1/2-1/2"]
[WhiteElo "2048"]
[BlackElo "1970"]
[PlyCount "72"]
[EventDate "2017.09.01"]
[EventType "swiss"]
[EventRounds "5"]
[EventCountry "WLS"]
[SourceTitle "EXT 2019"]
[Source "ChessBase"]
[SourceDate "2018.10.10"]
[SourceVersion "1"]
[SourceVersionDate "2018.10.10"]
[SourceQuality "1"]

1. e4 c5 2. Nf3 a6 3. c3 d5 4. exd5 Qxd5 5. d4 Nf6 6. Be2 e6 7. 0-0 Nc6 8. Be3 cxd4 9. cxd4 Be7 10. Nc3 Qa5 11. a3 Nd5 12. Qb3 Nxe3 13. fxe3 0-0 14. Rac1 Rd8 15. Na4 Qc7 16. Nb6 Rb8 17. Nxc8 Qxc8 18. Ne5 Bf6 19. Nxc6 bxc6 20. Qc3 c5 21. Qxc5 Qxc5 22. dxc5 Bxb2 23. Rc2 Bxa3 24. Bxa6 Rd7 25. c6 Rc7 26. Rd1 Kf8 27. Bb7 Ke7 28. Rcd2 Rbxb7 29. cxb7 Rxb7 30. Kf2 h5 31. Kf3 Bc5 32. Rc2 Ba7 33. Rdc1 Kd7 34. Rd1+ Ke7 35. Ra1 g6 36. Ra5 Kf6 1/2-1/2

[Event "South Wales Summer op"]
[Site "Penarth"]
[Date "2017.09.02"]
[Round "3"]
[White "Ralphs, Nigel"]
[Black "Morris, Gareth"]
[Result "1/2-1/2"]
[WhiteElo "2048"]
[BlackElo "2063"]
[PlyCount "59"]
[EventDate "2017.09.01"]
[EventType "swiss"]
[EventRounds "5"]
[EventCountry "WLS"]
[SourceTitle "EXT 2019"]
[Source "ChessBase"]
[SourceDate "2018.10.10"]
[SourceVersion "1"]
[SourceVersionDate "2018.10.10"]
[SourceQuality "1"]

1. e4 c5 2. Nf3 Nc6 3. Bb5 e6 4. Bxc6 bxc6 5. b3 Ne7 6. Bb2 Ng6 7. h4 h5 8. e5 Be7 9. g3 f6 10. Qe2 fxe5 11. Nxe5 Nxe5 12. Bxe5 Bf6 13. Nc3 d6 14. Bxf6 Qxf6 15. 0-0 Kd7 16. Ne4 Qe7 17. Rad1 e5 18. Rfe1 Kc7 19. Ng5 Qf6 20. c3 g6 21. d4 cxd4 22. cxd4 Re8 23. Qd2 Bg4 24. f3 Bxf3 25. dxe5 dxe5 26. Rf1 e4 27. Qa5+ Kc8 28. Qa6+ Kc7 29. Qa5+ Kc8 30. Qa6+ 1/2-1/2

[Event "South Wales op 14th"]
[Site "Cardiff"]
[Date "2017.07.10"]
[Round "5"]
[White "Rodriguez, Juan Talavera"]
[Black "Ralphs, Nigel"]
[Result "1/2-1/2"]
[WhiteElo "1963"]
[BlackElo "2058"]
[PlyCount "73"]
[EventDate "2017.07.08"]
[EventType "swiss"]
[EventRounds "10"]
[EventCountry "WLS"]
[SourceTitle "EXT 2018"]
[Source "ChessBase"]
[SourceDate "2017.10.13"]
[SourceVersion "1"]
[SourceVersionDate "2017.10.13"]
[SourceQuality "1"]

1. Nf3 d5 2. c4 c6 3. b3 Bg4 4. e3 Nd7 5. h3 Bh5 6. Be2 e6 7. Bb2 Ngf6 8. 0-0 Bd6 9. d4 Ne4 10. Nbd2 f5 11. Ne5 Bxe2 12. Qxe2 0-0 13. Nxe4 fxe4 14. Qg4 Qe7 15. cxd5 cxd5 16. Rac1 Rac8 17. Qe2 Nxe5 18. dxe5 Ba3 19. Bxa3 Qxa3 20. Rc2 Rc5 21. Rxc5 Qxc5 22. Qd2 Rc8 23. Rd1 Qc3 24. Qxc3 Rxc3 25. Rd2 Kf7 26. g4 Ke7 27. Kf1 Rc1+ 28. Kg2 Kd7 29. f4 exf3+ 30. Kxf3 Kc6 31. e4 Rf1+ 32. Ke2 Rf4 33. exd5+ exd5 34. Kd3 Re4 35. Rc2+ Kd7 36. Rf2 Ke7 37. Rc2 1/2-1/2

[Event "South Wales op 14th"]
[Site "Cardiff"]
[Date "2017.07.09"]
[Round "3"]
[White "Gosling, Brian GE"]
[Black "Ralphs, Nigel"]
[Result "1/2-1/2"]
[WhiteElo "1825"]
[BlackElo "2058"]
[PlyCount "43"]
[EventDate "2017.07.08"]
[EventType "swiss"]
[EventRounds "10"]
[EventCountry "WLS"]
[SourceTitle "EXT 2018"]
[Source "ChessBase"]
[SourceDate "2017.10.13"]
[SourceVersion "1"]
[SourceVersionDate "2017.10.13"]
[SourceQuality "1"]

1. Nf3 Nf6 2. g3 d5 3. Bg2 c6 4. 0-0 Bf5 5. d4 e6 6. Nbd2 Be7 7. c3 Nbd7 8. Re1 Ne4 9. c4 0-0 10. a3 a5 11. cxd5 exd5 12. Nf1 Qb6 13. Ne3 Be6 14. Rf1 Bf6 15. g4 g6 16. g5 Nxg5 17. Nxg5 Bxg5 18. Nxd5 Qd8 19. Bxg5 Qxg5 20. f4 Qd8 21. Nc3 f5 22. d5 1/2-1/2

[Event "WLS-chT 1617"]
[Site "Wales"]
[Date "2017.05.21"]
[Round "5.2"]
[White "Ralphs, Nigel"]
[Black "Young, Alan J"]
[Result "1-0"]
[WhiteElo "2059"]
[BlackElo "2044"]
[PlyCount "101"]
[EventDate "2016.10.02"]
[EventType "team-tourn"]
[EventRounds "5"]
[EventCountry "WLS"]
[SourceTitle "EXT 2019"]
[Source "ChessBase"]
[SourceDate "2018.10.10"]
[SourceVersion "1"]
[SourceVersionDate "2018.10.10"]
[SourceQuality "1"]
[WhiteTeam "The Vale"]
[BlackTeam "White Knights"]
[WhiteTeamCountry "WLS"]
[BlackTeamCountry "WLS"]

1. e4 e5 2. Nf3 Nc6 3. Bc4 Nf6 4. d3 Be7 5. 0-0 0-0 6. Re1 d6 7. a4 Be6 8. Bxe6 fxe6 9. c3 Qd7 10. Na3 Kh8 11. Nc2 Qe8 12. d4 Qg6 13. Qe2 Rae8 14. b4 exd4 15. Nfxd4 Nxd4 16. Nxd4 Ng4 17. f4 c5 18. bxc5 dxc5 19. Nf3 c4 20. Nd4 e5 21. f5 Qh5 22. h3 exd4 23. hxg4 Qh4 24. cxd4 Bb4 25. Ba3 Bxe1 26. Rxe1 Rf6 27. Bc1 Rd6 28. e5 Rxd4 29. e6 Qxg4 30. Bb2 Qxe2 31. Rxe2 Rf4 32. Re5 h6 33. g3 Rf3 34. Kg2 Rb3 35. Bd4 c3 36. Rc5 Rb2+ 37. Kf3 Rb3 38. Bxc3 Kh7 39. Rc7 Kh8 40. Ke4 a6 41. Bxg7+ Kg8 42. Be5 b5 43. axb5 Rxb5 44. Rg7+ Kf8 45. Rh7 Rb4+ 46. Kf3 Rb3+ 47. Kg2 Rb6 48. Rh8+ Ke7 49. f6+ Kd8 50. Bc7+ Kxc7 51. Rxe8 1-0